| Поле | Название | Значение |
| |
Тип записи |
l |
| |
Библиографический уровень |
m |
| 001 |
Контрольный номер |
DONNUET/MAIN/3a1df1c90ca447c497d7ec5eeb7aee58 |
| 005 |
Дата корректировки |
20260603123742.9 |
| 101 |
Язык документа |
0_ |
| a |
Язык текста |
rus |
| 102 |
Страна публикации |
__ |
| a |
Страна публикации |
RU |
| 181 |
Поле кодированных данных: вид содержания |
_0 |
| a |
Код вида содержания (ISBD) |
i |
| 182 |
Поле кодированных данных: тип средства |
_0 |
| a |
Код типа средства (ISBD) |
b |
| 200 |
Заглавие и сведения об ответственности |
1_ |
| a |
Заглавие |
Товароведение. Культурно-бытовые и ювелирные товары. Часы |
| e |
Сведения, относящиеся к заглавию |
лабораторный практикум для обучающихся укрупненной группы 38.00.00 Экономика и управление направления подготовки 38.03.07 Товароведение (Профили: Товароведение непродовольственных товаров и коммерческая деятельность, Товароведение продовольственных товаров и коммерческая деятельность), очной и очно-заочной форм обучения |
| f |
Первые сведения об ответственности |
И.И. Васильева, В.В. Золотарева |
| g |
Последующие сведения об ответственности |
Министерство науки и высшего образования Российской Федерации, Донецкий национальный университет экономики и торговли имени Михаила Туган-Барановского, Кафедра товароведения непродовольственных товаров и креативной индустрии |
| 203 |
Вид содержания и тип средства |
__ |
| a |
Вид содержания |
Текст |
| c |
Тип средства |
электронный |
| 210 |
Выходные данные |
1_ |
| a |
Место издания |
Донецк |
| d |
Дата издания |
2026 |
| 215 |
Физическое описание |
__ |
| a |
Объем |
53 с. |
| 337 |
Примечание о системных требованиях (электронные ресурсы) |
__ |
| a |
Примечание о системных требованиях (электронные ресурсы) |
URL:http://elibrary.donnuet.ru:54041/megapro/Download/ToView/40803 |
| 337 |
Примечание о системных требованиях (электронные ресурсы) |
__ |
| a |
Примечание о системных требованиях (электронные ресурсы) |
Режим доступа: Электронная библиотека ДОННУЭТ |
| 610 |
Ключевые слова |
0_ |
| a |
Ключевые слова |
товароведение |
| 610 |
Ключевые слова |
0_ |
| a |
Ключевые слова |
культурно-бытовые товары |
| 610 |
Ключевые слова |
0_ |
| a |
Ключевые слова |
ювелирные товары |
| 610 |
Ключевые слова |
0_ |
| a |
Ключевые слова |
часы |
| 610 |
Ключевые слова |
0_ |
| a |
Ключевые слова |
потребительские свойства бумаги |
| 610 |
Ключевые слова |
0_ |
| a |
Ключевые слова |
музыкальные инструменты |
| 610 |
Ключевые слова |
0_ |
| a |
Ключевые слова |
ассортимент фотоаппаратов |
| 610 |
Ключевые слова |
0_ |
| a |
Ключевые слова |
книжные издания |
| 610 |
Ключевые слова |
0_ |
| a |
Ключевые слова |
качество товаров |
| 610 |
Ключевые слова |
0_ |
| a |
Ключевые слова |
лабораторные работы |
| 700 |
Автор |
_1 |
| a |
Фамилия |
Васильева |
| b |
Имя |
И.И. |
| p |
Наименование/ адрес организации |
ДОННУЭТ |
| 4 |
Код отношения |
070 |
| 701 |
Альтернативная интеллектуальная ответственность |
_1 |
| a |
Фамилия |
Золотарева |
| b |
Имя |
В.В. |
| p |
Наименование/ адрес организации |
ДОННУЭТ |
| 4 |
Код отношения |
070 |
| 711 |
Наименование организации. (Альтернативная ответственность) |
02 |
| a |
Организация/ юрисдикция |
Министерство науки и высшего образования Роcсийской Федерации (РФ) |
| 711 |
Наименование организации. (Альтернативная ответственность) |
02 |
| a |
Организация/ юрисдикция |
Донецкий национальный университет экономики и торговли имени Михаила Туган-Барановского (ДОННУЭТ) |
| b |
Другие уровни |
Кафедра товароведения непродовольственных товаров и креативной индустрии |
| 801 |
Источник записи |
_1 |
| a |
Страна |
RU |
| b |
Организация |
DONNUET |
| g |
Правила каталогизации |
PSBO |
| 852 |
Данные о местонахождении |
__ |
| a |
Наименование организации |
ДОННУЭТ |
| j |
Шифр хранения |
2026 |
| 900 |
Электронные ресурсы |
__ |
| a |
Имя электронного ресурса |
Васильева И.И., Золотарёва В.В Товароведение культтоваров...практикум 2026 |
| 901 |
Тип документа |
__ |
| t |
Тип документа |
m |
| 905 |
Дата создания БЗ |
__ |
| a |
Дата создания БЗ |
20260528 |
| b |
Логин сотрудника, создавшего запись |
Tsvetkova |
| 952 |
Тип литературы |
__ |
| a |
Тип литературы для КСУ ВШ |
УМПЭ |
| a |
Тип литературы для КСУ ВШ |
УМПО |
| c |
Вид литературы |
учебно-методическое издание |